Statistics for Lion King (1994) Characters by Last Line

Click here to take the quiz!

General Stats

  • This quiz has been taken 55 times
    (23 since last reset)
  • The average score is 9 of 10

Answer Stats

Last LineAnswer% Correct
"Run. Run away, Scar. And never return."Simba
100%
"Remember"Mufasa
95%
"No. L-L-L-Le-Le-Le-Le-Let me explain. No. You don't understand. [etc.]"Scar
95%
"Simba!"Nala
89%
"It is time"Rafiki
89%
"Now they're in for it."Timon
89%
They CALL me... MIIISTER PIG! AAAAAHHH...Pumbaa
84%
"It's not true. Tell me it's not true."Sarabi
84%
"Let me out! Let me out!"Zazu
79%
"Ed?"Shenzi/Banzai
68%

Score Distribution

Percentile by Number Answered

Percent of People with Each Score

Your Score History

You have not taken this quiz since the last reset